Normal view
MARC view
- Deutscher Verein fur Vermessungswesen e.V.
Entry Corporate Name
001 - CONTROL NUMBER
- control field: 5247
003 - CONTROL NUMBER IDENTIFIER
- control field: SIRSI
005 - DATE AND TIME OF LATEST TRANSACTION
- control field: 20190806150241.0
008 - FIXED-LENGTH DATA ELEMENTS
- fixed length control field: 070702n| acannaabn |n ana d
040 ## - CATALOGING SOURCE
- Original cataloging agency: OSt
- Transcribing agency: OSt
110 2# - HEADING--CORPORATE NAME
- Corporate name or jurisdiction name as entry element: Deutscher Verein fur Vermessungswesen e.V.
- Subordinate unit: Gesellschaft fur Geodasie, Geoinformation und Landmanagement
670 ## - SOURCE DATA FOUND
- Source citation: ZFV[1872]-